Statistics for Jerry Seinfeld Filmography

Click here to take the quiz!

General Stats

  • This quiz has been taken 33 times
    (16 since last reset)
  • The average score is 8 of 72

Answer Stats

TypeYearName% Correct
TV Show1989-1998Seinfeld
92%
Film2007Bee Movie
75%
Documentary2002Comedian
50%
Web Series2012-2019Comedians in Cars Getting Coffee
42%
TV Show2004, 2009Curb Your Enthusiasm
33%
TV Special1999Larry David: Curb Your Enthusiasm
33%
TV Show1992-2018Saturday Night Live
33%
TV Show200730 Rock
25%
Stand-Up Special2017Jerry Before Seinfeld
25%
Commercial1990s-2015American Express
17%
TV Show1979Benson
17%
Film1996Eddie
17%
Stand-Up Special2020Jerry Seinfeld: 23 Hours to Kill
17%
Stand-Up Special1998Jerry Seinfeld: 'I'm Telling You for the Last Time'
17%
Award Show1991The 43rd Annual Primetime Emmy Awards
17%
Film2014Top Five
17%
FilmTBAUnfrosted
17%
TV Documentary1994Abbott and Costello Meet Jerry Seinfeld
8%
TV Show1981An Evening at the Improv
8%
Video Game2007Bee Movie Game
8%
Stand-Up Special1992Carol Leifer: Gaudy, Bawdy & Blue
8%
Theater2010-2011Colin Quinn: Long Story Short
8%
Theater2015-2016Colin Quinn: The New York Story
8%
TV Show2000Dilbert
8%
Film1996Good Money
8%
Web Series2019Huge in France
8%
TV Show2015Inside Amy Schumer
8%
Stand-Up Special1987Jerry Seinfeld: Stand-Up Confidential
8%
TV Show2012, 2014Louie
8%
TV Show1993Love & War
8%
TV Show1998Mad About You
8%
TV Show2016Maya & Marty
8%
Web Series2018My Next Guest Needs No Introduction
8%
TV Show2017Mystery Science Theater 3000
8%
TV Show1997NewsRadio
8%
Film1999Pros & Cons
8%
TV Show1982Square Pegs
8%
Music Video2019Sunflower
8%
Commercial1998'Superman' by American Express
8%
TV Show1993, 1998The Larry Sanders Show
8%
TV Show2010-2011The Marriage Ref
8%
TV Film1984The Ratings Game
8%
Film2005The Thing About My Folks
8%
Commercial2012Acura NSX
0%
Short Film2004A Uniform Used to Mean Something...
0%
TV Special2012Costas and Seinfeld: Who's on First?
0%
TV Show2009Head Case
0%
Short Film2004Hindsight Is 20/20
0%
TV Documentary2017If You're Not in the Orbit, Eat Breakfast
0%
TV Show2004, 2021Jeopardy!
0%
Web Mini-Series2014Jerry Seinfeld and Wale Discuss
0%
Theater1998Jerry Seinfeld: Live on Broadway
0%
Short Documentary2007Jerry Seinfeld, Submarine Captain
0%
TV Special2007Jerry Seinfeld: The Comedy Award
0%
TV Show1989, 2018Laugh Factory
0%
TV Special2018Mark Twain Prize: Julia Louis-Dreyfus
0%
Short Film2008New Family
0%
Commercial2003Nike
0%
TV Show1985Our Time
0%
Short Documentary2005Running with the Egg: Making a 'Seinfeld'
0%
TV Documentary2004Seinfeld: How It Began
0%
Documentary Series2004-2007Seinfeld: Inside Look
0%
Short Documentary2005Seinfeld: Jason + Larry = George
0%
Short Film2016Technology Etiquette with Jerry Seinfeld
0%
Short Documentary2004The Bench: Life Before 'Seinfeld'
0%
TV Show2016The Jim Gaffian Show
0%
TV Show1981The John Davidson Show
0%
Stand-Up Special2006The Kings of Comedy USA
0%
TV Show1993The New WKRP in Cincinnati
0%
Short Film2010The Seinfeld Reunion: It Could Only Happen on Curb
0%
TV Documentary2004The Seinfeld Story
0%
TV Show1987The Will Shriner Show
0%

Score Distribution

Percentile by Number Answered

Percent of People with Each Score

Your Score History

You have not taken this quiz since the last reset